Statistics for Redskins/Football Team Starting Quarterbacks

Click here to take the quiz!

General Stats

  • This quiz has been taken 441 times
    (37 since last reset)
  • The average score is 15 of 41

Answer Stats

HintAnswer% Correct
2018-PresentAlex Smith
97%
2019-2020Dwayne Haskins
93%
2014 - 2017Kirk Cousins
87%
2020Kyle Allen
83%
2012 - 2014Robert Griffin III
77%
2010Donovan Mcnabb
63%
1987 - 1989Doug Williams
60%
2018Josh Johnson
60%
1999 - 2000Brad Johnson
60%
1978 - 1985Joe Thiesmann
60%
1975Randy Johnson
60%
1988 - 1993Mark Rypien
53%
2014 / 2018Colt McCoy
53%
2010 - 2011Rex Grossman
50%
2018Mark Sanchez
50%
2019Case Keenum
50%
2006 - 2009Jason Campbell
50%
1967 - 1974Sonny Jurgenson
33%
2004 - 2006Mark Brunell
33%
1985 - 1987Jay Schroeder
30%
2011John Beck
27%
1994 - 1995Health Shuler
23%
2002 - 2005Patrick Ramsey
23%
1971 - 1978Billy Kilmer
23%
2000 - 2001Jeff George
20%
1995 - 1998Gus Frerotte
20%
1998Trent Green
20%
2002Danny Wuerffel
17%
2002Shane Matthews
17%
2001Tony Banks
13%
2003Tim Hasselbeck
10%
1997Jeff Hostetler
7%
1994John Friesz
7%
1993Rich Gannon
7%
1993Cary Conklin
7%
1990Stan Humphries
7%
1987Ed Rubbert
7%
2007Todd Collins
7%
1990Jeff Rutledge
3%
1980Mike Kruczek
3%
1968Jim Ninowski
3%

Score Distribution

Percentile by Number Answered

Percent of People with Each Score

Your Score History

You have not taken this quiz since the last reset